Представление документа в формате RUSMARC

ПолеНазваниеЗначение
  Тип записи a
  Библиографический уровень m
001 Контрольный номер RU/SLIB/B/208711965
005 Дата корректировки 20201206203912.7
010 Индекс ISBN __
d Цена 15-00
101 Язык документа __
a Язык текста rus
c Язык оригинала rus
200 Заглавие и сведения об ответственности 1_
a Заглавие Все радости жизни
e Сведения, относящиеся к заглавию повесть
f Первые сведения об ответственности П. Е. Кодочигов
b Общее обозначение материала Текст
210 Выходные данные __
a Место издания Свердловск
c Издательство Сред.-Урал. кн. изд-во
d Дата издания 1981
215 Физическое описание __
a Объем 160 с.
330 Аннотация __
a Аннотация Это повесть о реально существующем человеке - адвокате Александре Максимовиче Камаеве, чья необыкновенная, трагическая, но в то же время прекрасная судьба является примером мужества, силы духа, любви к делу, к людям, к жизни.
600 Персоналии __
a Персоналии (Фамилия) Камаев, А. М.
c Дополнение к имени адвокат
g Полное имя Александр Максимович
606 Тематические рубрики __
a Основная рубрика Художественная литература
606 Тематические рубрики __
a Основная рубрика Русская литература XX в. (произведения)
610 Ключевые слова __
a Ключевые слова проза; повести
686 Индексы других классификаций __
a Классификационный индекс 84(2Рос=Рус)6-4; ст84(2Рос=Рус)6-4
700 Автор _1
a Фамилия Кодочигов
b Имя П. Е.
4 Код отношения 070
801 Источник записи _0
a Страна RU
b Организация Муниципальное бюджетное учреждение культуры "Централизованная библиотечная система" г. Сургут (Центральная городская библиотека им. А. С. Пушкина)
g Правила каталогизации КиК/Варварина
801 Источник записи _1
a Страна RU
b Организация Муниципальное бюджетное учреждение культуры "Централизованная библиотечная система" г. Сургут (Центральная городская библиотека им. А. С. Пушкина)
g Правила каталогизации КиК/Варварина
852 Данные о местонахождении __
j Шифр хранения 84(2Рос=Рус)6-4
c Каталожный индекс 84(2Рос=Рус)6-4
i Авторский знак К 57
901 Тип документа __
t Тип документа m
903 Характеристики (МАРС) __
a Дата передачи 20010419
990 Данные о заказе (DOS) 00
j Количество экземпляров (DOS) 1
t N записи в КСУ для И/У (DOS) 200104